Logo BPK

Biblioteka

Politechniki Koszalińskiej

America in close-up / (Rekord nr 48113)

Szczegóły MARC
000 -ETYKIETA REKORDU
podpole kontrolne o stałej długości 00759nam a2200253 i 4500
001 - NUMER KONTROLNY REKORDU
pole kontrolne bgj
020 ## - MIĘDZYNARODOWY ZNORMALIZOWANY NUMER KSIĄŻKI - ISBN
ISBN 0582749298 (pbk)
040 ## - ŹRÓDŁO KATALOGOWANIA
Instytucja, która utworzyła rekord BPK
041 0# - KOD JĘZYKA
Kod języka tekstu eng
920 ## - Międzynarodowy znormalizowany numer książki – ISBN
ISBN 0-582-74929-8 (pbk)
008 - POLE O STAŁEJ DŁUGOŚCI - DANE KONTROLNE
podpole kontrolne o stałej długości s uk f |000 0 eng
100 1# - NAZWA OSOBOWA
Nazwa osobowa FIEDLER, Eckhard
245 10 - TYTUŁ/ODPOWIEDZIALNOŚĆ
Tytuł America in close-up /
Pozostałe elementy strefy tytułu i oznaczenia odpowiedzialności Eckhard Fiedler, Reimer Jansen, Mil Norman-Risch.
250 ## - STREFA WYDANIA
Oznaczenie wydania [6th impr.].
260 ## - STREFA ADRESU WYDAWNICZEGO
Miejsce wydania Harlow, England :
Nazwa wydawcy/dystrybutora Longman,
Data publikacji, dystrybucji/powstania dokumentu 1996.
300 ## - STREFA OPISU FIZYCZNEGO
Objętość 282 pp :
Inne cechy fizyczne draw., fig., maps, phot. (incl. colour) ;
Rozmiary 26 cm.
500 ## - UWAGI OGÓLNE
Tekst uwagi 1st publ. 1990.
505 ## - SFORMALIZOWANA UWAGA DOTYCZĄCA ZAWARTOŚCI
Pełny tekst uwagi Includes indexes.
651 #9 - HASŁO PRZEDMIOTOWE W FORMIE NAZWY GEOGRAFICZNEJ
Nazwa geograficzna United States
Określnik ogólny Social life and culture
655 ## - TERMIN INDEKSOWY - OKREŚLENIE RODZAJU/FORMY DOKUMENTU
Określenie rodzaju/formy dokumentu Problems, excercises, etc.
700 1# - HASŁO DODATKOWE - NAZWA OSOBOWA
Nazwa osobowa JANSEN, Reimer
700 1# - HASŁO DODATKOWE - NAZWA OSOBOWA
Nazwa osobowa NORMAN-RISCH, Mil
856 ## - LOKALIZACJA I DOSTĘP DO ELEKTRONICZNYCH DOKUMENTÓW ZDALNYCH
Link (URL) http://koha.tu.koszalin.pl/cgi-bin/koha/opac-detail.pl?biblionumber=48113
Tekst linku Katalog online BPK
942 ## - DODATKOWE ELEMENTY (KOHA)
Typ dokumentu Książka
Egzemplarze
Wycofany Status egzemplarza Uszkodzony Dostępność Lokalizacja stała Lokalizacja bieżąca Miejsce przechowywania Sygnatura Kod kreskowy Typ dokumentu
      Dostępny Biblioteka Politechniki Koszalińskiej Biblioteka Politechniki Koszalińskiej Wypożyczalnia Językowa KA 5240 09089525 Książka
© 2023 Biblioteka Politechniki Koszalińskiej :: KOHA